00387nam a2200145Ia 4500008004100000020001500041041000800056082001500064100002400079245008100103250000600184260003200190300001000222650000900232210716s2004 xx 000 0 und d a8176495379 aeng a158.1 LICJ aLickson, Jeffrey E. aContinuously improving self: a personal guide to tqm.bPersonal guide to tqm a1 aNew DelhibViva Booksc2004 av,101 aNone